Vývin slovenskej deklinácie

Enregistré dans:
Détails bibliographiques
Auteur principal: Pauliny, Eugen
Format: Livre
Langue:slovaque
Publié: Bratislava Veda 1990
Édition:1. vyd.
Tags: Ajouter un tag
Pas de tags, Soyez le premier à ajouter un tag!

MARC

LEADER 00000nam a2200000 4500
001 c026669
005 20221215071929.4
041 0 |a slo 
044 |a SK 
245 1 0 |a Vývin slovenskej deklinácie  |c Eugen Pauliny 
250 |a 1. vyd. 
264 1 |a Bratislava  |b Veda  |c 1990 
300 |a 266 s. 
100 1 |a Pauliny, Eugen